Propuesta de Rehabilitación de la Casa Museo Julio Cortázar en Managua, Nicaragua 2020

El presente trabajo Propuesta de rehabilitación de la Casa Museo Julio Cortázar, Managua, Nicaragua 2020, tiene como propósito generar un plan de rehabilitación para su conservación y preservación acorde sus necesidades. Este tema surge por la importancia de poder rescatar el bien inmueble de...

Full description

Bibliographic Details
Main Authors: Baltodano Mendoza, María Fernanda, Torres Agüero, Isayana José
Other Authors: Tutor: López Irías, Néstor Saúl
Format: Tesis Section = Libro
Language:Undetermined
Spanish
Published: Managua UNI 2020
Subjects:
LEADER 01309nam a2200265Ia 4500
008 240830s9999 xx 000 0 und d
040 |a BIBLIOTECA-RUSB/ Mon 727.6 B197 
041 |a spa 
082 |a Mon 727.6 B197 
100 1 |a Baltodano Mendoza, María Fernanda 
100 1 |b Torres Agüero, Isayana José 
245 1 0 |a Propuesta de Rehabilitación de la Casa Museo Julio Cortázar en Managua, Nicaragua 2020 
260 |a Managua  |b UNI  |c 2020 
300 |a 259 p. :il. 
500 |a Contiene: anexos y CD. 
502 |a Tesis (Arquitecto) - UNI, 2020. 
520 3 |a El presente trabajo Propuesta de rehabilitación de la Casa Museo Julio Cortázar, Managua, Nicaragua 2020, tiene como propósito generar un plan de rehabilitación para su conservación y preservación acorde sus necesidades. Este tema surge por la importancia de poder rescatar el bien inmueble de gran valor histórico y arquitectónico, después de pasar un largo período de tiempo en estado de abandono, provocando serias lesiones. 
650 7 |a EDIFICIOS DE MUSEOS-REHABILITACION 
650 7 |b  MUSEOS-NICARAGUA 
650 7 |c  PATRIMONIO URBANO ARQUITECTONICO 
650 7 |d  ARQUITECTURA-DISEÑOS Y PLANOS 
700 1 |a Tutor:  |b López Irías, Néstor Saúl 
942 |c BK  |2 ddc 
991 |a TESIS 
999 |c 21411